000 00280nam a2200121Ia 4500
008 200103s9999||||xx |||||||||||||| ||und||
040 _aIMU-MPC
082 _aColumn-65
100 _aDar, Sudhir
245 4 _aThe best of This is it!
260 _bRupa Company
_c1988
942 _cBK
999 _c11505
_d11505